Technical writing what it is and how to do it

Bibliographic Details
Main Author: Zeleznik, Julie M.
Format: Book
Published: 1999
Subjects:

MARC

LEADER 00000cam a2200000 7i4500
001 0000010083
005 20050513.0
020 |a 1576852679 
040 |a INS 
090 0 0 |a TH.245 1999 
100 1 |a Zeleznik, Julie M. 
245 1 0 |a Technical writing what it is and how to do it   |c Julie M. Zeleznik 
260 |a 1999 
650 0 0 |a Technical Writing 
999 |a 0000008387   |b BOOK   |c Open Shelf   |e Default branch